000 01494cam a2200277Ma 4500
005 20170403115153.0
008 170403s2015 pe fr 001 0 spa d
020 _a9786124218262
035 _a(OCoLC)930687521
040 _aCO-BoUCM
_bspa
_cSandra Palacio
_dSandra Palacio
041 0 _aspa
100 1 _aBarberis, Mauro
_985007
245 1 0 _aIntroducción al estudio del derecho
_cMauro Barberis
260 _aLima (Perú)
_c2015
_bPalestra Editores
300 _a257 páginas
504 _aIncluye referencias bibliográficas e índices
505 8 _aDerecho y moral -- Lenguaje jurídico y definición del derecho -- Normas jurídicas -- Sistemas jurídicos -- Interpretación y razonamiento jurídico.
520 _aEste volumen, que ha merecido cinco ediciones en su lengua original, desde el año 2003 en que se editó la primera edición, marca un hito en la edición de manuales de Introducción al Derecho. Se trata de una obra escrita en un escenario de debates intensos entre positivistas y no positivistas en el escenario de pleno desarrollo, también en América Latina, de alguna de las premisas del constitucionalismo democrático. -- Contraportada.
650 1 7 _aDerecho
_xTeoría
_985008
650 2 7 _aDerecho
_xFilosofía
_930013
650 2 7 _aDerecho
_xInterpretación
_959093
690 _aTeoría del derecho
_925308
765 1 _tManuale di filosofia del diritto
942 _2DEWEY
_cLIBRORESER
_a8
_e1
_h340.1
_mB234ie
999 _c305981
_d305981